| 000 | 00441nam a2200157 4500 | ||
|---|---|---|---|
| 001 | 108779 | ||
| 003 | ES-MaACL | ||
| 005 | 20230906184716.0 | ||
| 007 | t| | ||
| 008 | 061121s1973 sp r ||||1| spa d | ||
| 100 | 1 |
_aMontoto, Santiago. _982701 |
|
| 245 | 1 | 0 |
_aEsquinas y conventos de Sevilla / _cSantiago Montoto. |
| 260 |
_aSevilla : _bUniversidad, _c1973. |
||
| 300 |
_a201 p. 4 lám. ; _c18 cm. |
||
| 852 |
_aES-MaACL _jC-55721 _bR.88215 |
||
| 999 |
_c108779 _d108779 |
||